[Event "6. Hradec Kralove Open 2015"]
[Site "Hradec Kralove CZE"]
[Date "2015.10.07"]
[Round "4.20"]
[White "Krasa, Marek"]
[Black "Macha, Martin"]
[Result "1-0"]
[WhiteElo "1713"]
[BlackElo "1467"]
[PlyCount "55"]
[EventDate "2015.10.04"]
[EventType "swiss"]
[EventRounds "9"]
[EventCountry "CZE"]
[Source "lmi"]
[SourceDate "2015.10.04"]

1. c4 e6 2. b3 d5 3. e3 c5 4. Bb2 Nc6 5. Nf3 Nf6 6. d4 b6 7. cxd5 Nxd5 8. dxc5
Bxc5 9. Bxg7 Rg8 10. Bb2 Bb4+ 11. Nbd2 Bb7 12. a3 Bxd2+ 13. Qxd2 Nde7 14. Qc2
Qc7 15. Qxh7 Na5 16. Rc1 Qd6 17. Ne5 Rf8 18. Bb5+ Nec6 19. Rd1 Qc5 20. Bxc6+
Bxc6 21. O-O Rd8 22. Rxd8+ Kxd8 23. Nxf7+ Ke8 24. Ne5 Bd5 25. Rc1 Qd6 26. Qh5+
Kd8 27. Nf7+ Rxf7 28. Qxf7 1-0

[Event "6. Hradec Kralove Open 2015"]
[Site "Hradec Kralove CZE"]
[Date "2015.10.08"]
[Round "5.1"]
[White "Kraus, Tomas"]
[Black "Golcman, Evgeny"]
[Result "0-1"]
[WhiteElo "2398"]
[BlackElo "2164"]
[PlyCount "73"]
[EventDate "2015.10.04"]
[EventType "swiss"]
[EventRounds "9"]
[EventCountry "CZE"]
[Source "lmi"]
[SourceDate "2015.10.04"]

1. e4 e5 2. Nf3 Nc6 3. d4 exd4 4. Nxd4 Nf6 5. Nxc6 bxc6 6. Bd3 d5 7. e5 Nd7 8.
O-O Nc5 9. Be2 Be7 10. Nd2 O-O 11. Nb3 Ba6 12. Be3 Bxe2 13. Qxe2 Nd7 14. f4 Qb8
15. c4 a5 16. Rac1 Qb7 17. Nd4 Bc5 18. cxd5 cxd5 19. Rc2 Rfe8 20. Rfc1 Bb6 21.
Qg4 Nf8 22. Bf2 Ne6 23. Nxe6 Rxe6 24. Bxb6 Qxb6+ 25. Kh1 c6 26. Qg3 Rae8 27.
Re2 g6 28. f5 R6e7 29. e6 fxe6 30. fxg6 e5 31. gxh7+ Kh8 32. Qg6 Re6 33. Qf7 d4
34. Re4 Qxb2 35. Rf1 Qc2 36. Rh4 Qg6 37. Qf8+ 0-1

[Event "6. Hradec Kralove Open 2015"]
[Site "Hradec Kralove CZE"]
[Date "2015.10.08"]
[Round "5.2"]
[White "Kozusek, Daniel"]
[Black "Urkedal, Frode"]
[Result "0-1"]
[WhiteElo "2279"]
[BlackElo "2504"]
[PlyCount "42"]
[EventDate "2015.10.04"]
[EventType "swiss"]
[EventRounds "9"]
[EventCountry "CZE"]
[Source "lmi"]
[SourceDate "2015.10.04"]

1. d4 Nf6 2. c4 e6 3. g3 c5 4. Nf3 cxd4 5. Nxd4 Nc6 6. Bg2 Qb6 7. Nb3 Bb4+ 8.
Bd2 a5 9. O-O O-O 10. Be3 Qa6 11. Qc2 d5 12. a3 Be7 13. Rc1 Ng4 14. Bf4 a4 15.
N3d2 e5 16. h3 exf4 17. hxg4 fxg3 18. f3 dxc4 19. Nxc4 Nd4 20. Qe4 Bc5 21. Ne3
Nxe2+ 0-1

[Event "6. Hradec Kralove Open 2015"]
[Site "Hradec Kralove CZE"]
[Date "2015.10.08"]
[Round "5.3"]
[White "Burnett, Andrew"]
[Black "Gromczak, Dariusz"]
[Result "1/2-1/2"]
[WhiteElo "2228"]
[BlackElo "2009"]
[PlyCount "104"]
[EventDate "2015.10.04"]
[EventType "swiss"]
[EventRounds "9"]
[EventCountry "CZE"]
[Source "lmi"]
[SourceDate "2015.10.04"]

1. e4 c5 2. Nc3 e6 3. Nf3 Nc6 4. Bb5 g6 5. Bxc6 dxc6 6. O-O Bg7 7. e5 b6 8. d3
f5 9. exf6 Nxf6 10. Re1 O-O 11. Bg5 Qc7 12. Bh4 Nh5 13. Bg3 Nxg3 14. hxg3 Bd7
15. Qe2 Rf5 16. Nh4 Rh5 17. Rab1 Rf8 18. Ne4 e5 19. a3 Be6 20. c4 Qd7 21. b4
cxb4 22. axb4 Rd8 23. Red1 Qf7 24. c5 g5 25. Nf3 Bg4 26. Nd6 Qe6 27. Qe4 Bf8
28. Qc4 Bxd6 29. Qxe6+ Bxe6 30. cxd6 g4 31. Nd2 Bd5 32. Ne4 Rh6 33. Re1 Re6 34.
Ra1 Rd7 35. Ng5 Rexd6 36. Rxe5 h6 37. Ne4 Bxe4 38. Rxe4 h5 39. Re5 Rxd3 40.
Rg5+ Kf7 41. Rxh5 Rd1+ 42. Rxd1 Rxd1+ 43. Kh2 Rd4 44. Rh7+ Kg6 45. Rxa7 Rxb4
46. f3 c5 47. Rb7 c4 48. fxg4 b5 49. Rc7 Rb1 50. Rc6+ Kg5 51. Rc5+ Kxg4 52.
Rxc4+ bxc4 1/2-1/2

[Event "6. Hradec Kralove Open 2015"]
[Site "Hradec Kralove CZE"]
[Date "2015.10.08"]
[Round "5.4"]
[White "Liduch, Filip"]
[Black "Pulpan, Jakub"]
[Result "0-1"]
[WhiteElo "2032"]
[BlackElo "2306"]
[PlyCount "94"]
[EventDate "2015.10.04"]
[EventType "swiss"]
[EventRounds "9"]
[EventCountry "CZE"]
[Source "lmi"]
[SourceDate "2015.10.04"]

1. e4 c5 2. Nf3 e6 3. d4 cxd4 4. Nxd4 Nf6 5. Nc3 Nc6 6. Be2 Bb4 7. Nxc6 bxc6 8.
Qd3 d5 9. exd5 exd5 10. O-O O-O 11. Bf4 Re8 12. a3 Bxc3 13. bxc3 a5 14. Rfe1
Ba6 15. Qf3 Bxe2 16. Rxe2 Rxe2 17. Qxe2 Ne4 18. Bd2 Qf6 19. Re1 Nd6 20. c4 h6
21. cxd5 cxd5 22. Qd3 Ne4 23. f3 Nxd2 24. Qxd2 Qb6+ 25. Qe3 Qc6 26. Qe5 Qc5+
27. Kh1 Qxa3 28. Qxd5 Qf8 29. Ra1 a4 30. h3 a3 31. Qb3 Qc5 32. c3 Qe3 33. Kh2
g6 34. Kh1 Kg7 35. Kh2 h5 36. Kh1 Qd2 37. Ra2 Qc1+ 38. Kh2 Qf4+ 39. Kg1 Qe3+
40. Kh2 Qe5+ 41. Kh1 Rb8 42. Qc2 Qe1+ 43. Kh2 h4 44. Qe4 Qg3+ 45. Kg1 Rb2 46.
Rxb2 axb2 47. c4 Qb8 0-1

[Event "6. Hradec Kralove Open 2015"]
[Site "Hradec Kralove CZE"]
[Date "2015.10.08"]
[Round "5.5"]
[White "Kuba, Stanislav"]
[Black "Korpalski, Maciej"]
[Result "1/2-1/2"]
[WhiteElo "2148"]
[BlackElo "1983"]
[PlyCount "61"]
[EventDate "2015.10.04"]
[EventType "swiss"]
[EventRounds "9"]
[EventCountry "CZE"]
[Source "lmi"]
[SourceDate "2015.10.04"]

1. g3 Nf6 2. Bg2 g6 3. Nf3 Bg7 4. d4 O-O 5. O-O d6 6. c4 Nbd7 7. Nc3 e5 8. h3
c6 9. Bg5 Qb6 10. c5 Qxb2 11. Na4 Qb5 12. Rb1 Qa5 13. Bd2 Qd8 14. cxd6 exd4 15.
Nxd4 Nd5 16. e4 Bxd4 17. Bh6 Bg7 18. Bxg7 Kxg7 19. exd5 c5 20. Nxc5 Nxc5 21.
Qd4+ Qf6 22. Qxc5 b6 23. Qa3 Bf5 24. Rbc1 Rfd8 25. Rc6 Bd7 26. Rc7 Bb5 27. Re1
Rxd6 28. Rxa7 Rxa7 29. Qxa7 Bc4 30. a3 Bxd5 31. Qe7 1/2-1/2

[Event "6. Hradec Kralove Open 2015"]
[Site "Hradec Kralove CZE"]
[Date "2015.10.08"]
[Round "5.6"]
[White "Romanov, Sergey"]
[Black "Vorel, Bohuslav"]
[Result "1-0"]
[WhiteElo "2036"]
[BlackElo "1686"]
[PlyCount "67"]
[EventDate "2015.10.04"]
[EventType "swiss"]
[EventRounds "9"]
[EventCountry "CZE"]
[Source "lmi"]
[SourceDate "2015.10.04"]

1. e4 c5 2. Nf3 d6 3. d4 cxd4 4. Nxd4 Nf6 5. Nc3 g6 6. Bg5 Bg7 7. Be2 O-O 8.
O-O Nc6 9. Nb3 a6 10. f4 b5 11. Bf3 Bb7 12. a3 Qc7 13. Qe1 Nd7 14. Nd5 Qd8 15.
c3 Nb6 16. Rd1 f6 17. Bh4 e6 18. Ne3 Qc7 19. f5 g5 20. Bf2 e5 21. h4 h6 22.
hxg5 hxg5 23. g3 Rad8 24. Kg2 Bh6 25. Ng4 Kg7 26. Rh1 Rh8 27. Rh2 Rh7 28. Qe2
Nc8 29. Rdh1 Rdh8 30. Ne3 N8e7 31. Bh5 Nd8 32. Nd2 d5 33. Bg6 Nxg6 34. fxg6 1-0

[Event "6. Hradec Kralove Open 2015"]
[Site "Hradec Kralove CZE"]
[Date "2015.10.08"]
[Round "5.7"]
[White "Saikrishnan, Sai"]
[Black "Jiruse, Josef"]
[Result "1/2-1/2"]
[WhiteElo "2005"]
[BlackElo "2035"]
[PlyCount "91"]
[EventDate "2015.10.04"]
[EventType "swiss"]
[EventRounds "9"]
[EventCountry "CZE"]
[Source "lmi"]
[SourceDate "2015.10.04"]

1. d4 Nf6 2. c4 e5 3. dxe5 Ng4 4. Nh3 Nxe5 5. e3 Nbc6 6. Nc3 Ng6 7. Be2 Bc5 8.
O-O d6 9. Nf4 Nxf4 10. exf4 O-O 11. Be3 Bb6 12. Bf3 Ne7 13. Re1 c6 14. Bxb6
axb6 15. Qd2 Be6 16. b3 Qc7 17. Rad1 d5 18. cxd5 Nxd5 19. Bxd5 Bxd5 20. Nxd5
cxd5 21. Re5 Rfd8 22. Rxd5 Rxd5 23. Qxd5 h6 24. a4 Qxf4 25. Qxb7 Rb8 26. Qd5
Rc8 27. g3 Qb4 28. Kg2 Rc5 29. Rd4 Qc3 30. Rc4 Qxg3+ 31. hxg3 Rxd5 32. Rc6 b5
33. a5 b4 34. a6 Ra5 35. Rc8+ Kh7 36. Ra8 h5 37. a7 g5 38. Kf3 f5 39. Ke3 Ra2
40. f4 h4 41. gxh4 gxh4 42. Rf8 Rxa7 43. Rxf5 Ra3 44. Rh5+ Kg6 45. Rxh4 Rxb3+
46. Kd4 1/2-1/2

[Event "6. Hradec Kralove Open 2015"]
[Site "Hradec Kralove CZE"]
[Date "2015.10.08"]
[Round "5.8"]
[White "Bartos, Jan"]
[Black "Ludvik, Tomas"]
[Result "1-0"]
[WhiteElo "2250"]
[BlackElo "1944"]
[PlyCount "97"]
[EventDate "2015.10.04"]
[EventType "swiss"]
[EventRounds "9"]
[EventCountry "CZE"]
[Source "lmi"]
[SourceDate "2015.10.04"]

1. d4 Nf6 2. c4 e6 3. Nf3 d5 4. Nc3 Be7 5. Bf4 O-O 6. e3 c6 7. h3 Nbd7 8. Qc2
Re8 9. a3 Nf8 10. Rd1 Ng6 11. Bh2 Bd6 12. Bxd6 Qxd6 13. Bd3 Qe7 14. O-O dxc4
15. Bxc4 e5 16. dxe5 Nxe5 17. Nxe5 Qxe5 18. Qb3 Qe7 19. Rd2 b5 20. Be2 Be6 21.
Qc2 Rac8 22. Bf3 a6 23. Rfd1 c5 24. Rd6 Qa7 25. Bc6 Rf8 26. Ne4 Nxe4 27. Qxe4
c4 28. Bb7 Rce8 29. Rxa6 Qc5 30. Qd4 Qg5 31. h4 Qe7 32. Qe4 Rd8 33. Rxd8 Rxd8
34. Ra8 Rxa8 35. Bxa8 Qc5 36. Qc6 Qe7 37. Qxb5 g6 38. Qb8+ Kg7 39. Qe5+ f6 40.
Qe4 Qd6 41. Qd4 Qa6 42. Bd5 Bxd5 43. Qxd5 Qa4 44. Qb7+ Kh6 45. g3 Qd1+ 46. Kg2
Qd3 47. a4 Qf5 48. e4 Qe5 49. Qd5 1-0

[Event "6. Hradec Kralove Open 2015"]
[Site "Hradec Kralove CZE"]
[Date "2015.10.08"]
[Round "5.9"]
[White "Pribyl, Viktor"]
[Black "Skorna, Ullrich"]
[Result "0-1"]
[WhiteElo "1833"]
[BlackElo "2123"]
[PlyCount "72"]
[EventDate "2015.10.04"]
[EventType "swiss"]
[EventRounds "9"]
[EventCountry "CZE"]
[Source "lmi"]
[SourceDate "2015.10.04"]

1. d4 e6 2. Bf4 Nf6 3. e3 Bd6 4. Bg3 Qe7 5. Nf3 Bxg3 6. hxg3 Qb4+ 7. Nc3 Qxb2
8. Nb5 Qb4+ 9. c3 Qa5 10. Nd2 d5 11. Nb3 Qb6 12. a4 a6 13. Na3 Nbd7 14. a5 Qd6
15. Bd3 c5 16. Bc2 e5 17. dxe5 Qxe5 18. Qd2 c4 19. Nd4 Nc5 20. O-O O-O 21. Qe1
Ng4 22. Nb1 Qh5 23. Nf3 Ne4 24. Nbd2 Re8 25. Rd1 Nxc3 26. Nxc4 Nxd1 27. Nb6 Rb8
28. Qxd1 Be6 29. Qd3 Rbd8 30. Nh4 g6 31. Qd4 Qe5 32. Qb4 d4 33. Nf3 Qd6 34.
Qxd4 Qa3 35. Qf4 Qxa5 36. Qc7 Rc8 0-1

[Event "6. Hradec Kralove Open 2015"]
[Site "Hradec Kralove CZE"]
[Date "2015.10.08"]
[Round "5.10"]
[White "Sedlacek, Jan"]
[Black "Nosek, Jan"]
[Result "0-1"]
[WhiteElo "1920"]
[BlackElo "1792"]
[PlyCount "138"]
[EventDate "2015.10.04"]
[EventType "swiss"]
[EventRounds "9"]
[EventCountry "CZE"]
[Source "lmi"]
[SourceDate "2015.10.04"]

1. e4 c5 2. Nf3 g6 3. c4 Nc6 4. d4 cxd4 5. Nxd4 Bg7 6. Be3 Nf6 7. Nc3 d6 8. f3
O-O 9. Be2 Bd7 10. O-O a5 11. Qd2 Nxd4 12. Bxd4 Bc6 13. Nd5 Nd7 14. b3 Nc5 15.
Rab1 Bxd4+ 16. Qxd4 e5 17. Qe3 Bxd5 18. exd5 Qb6 19. a3 Nd7 20. Qxb6 Nxb6 21.
Rfd1 Rfc8 22. Rbc1 Nd7 23. b4 axb4 24. axb4 Ra4 25. c5 Rxb4 26. cxd6 Rxc1 27.
Rxc1 Rb6 28. Rc7 Rxd6 29. Bb5 Nf6 30. Rxb7 Rxd5 31. Bc4 Rd7 32. Rxd7 Nxd7 33.
Kf2 Nc5 34. Ke3 Kg7 35. f4 f6 36. fxe5 fxe5 37. g4 g5 38. Kf3 Kf6 39. Ke3 h6
40. Bd5 Ke7 41. Bc4 Kd6 42. Ba2 Kc7 43. Bc4 Kb6 44. Bd5 Kb5 45. Bf7 Kb4 46. Bd5
Kc3 47. h3 Kc2 48. Ke2 Nd7 49. Bf3 Nf6 50. Ke3 Kc3 51. Be4 Kc4 52. Bf3 Kc5 53.
Ba8 Kd6 54. Bg2 Ke6 55. Bf1 Kd5 56. Ba6 e4 57. Bb7+ Ke5 58. Ba6 Nd5+ 59. Kf2
Kf4 60. Bc4 Nc3 61. Bf1 e3+ 62. Ke1 Kg3 63. Ba6 Kxh3 64. Bc8 Kg3 65. Kf1 e2+
66. Ke1 Kf3 67. Be6 Ne4 68. Bd5 Ke3 69. Bb7 Nd2 0-1

[Event "6. Hradec Kralove Open 2015"]
[Site "Hradec Kralove CZE"]
[Date "2015.10.08"]
[Round "6.1"]
[White "Urkedal, Frode"]
[Black "Kraus, Tomas"]
[Result "1/2-1/2"]
[WhiteElo "2504"]
[BlackElo "2398"]
[PlyCount "141"]
[EventDate "2015.10.04"]
[EventType "swiss"]
[EventRounds "9"]
[EventCountry "CZE"]
[Source "lmi"]
[SourceDate "2015.10.04"]

1. d4 Nf6 2. c4 e6 3. Nc3 Bb4 4. Qc2 d6 5. Nf3 Nbd7 6. Bd2 O-O 7. a3 Bxc3 8.
Bxc3 Re8 9. e4 e5 10. dxe5 Nxe5 11. Nxe5 dxe5 12. Be2 a5 13. O-O a4 14. c5 Bd7
15. f4 Bc6 16. Bxe5 Nxe4 17. Bf3 Rxe5 18. fxe5 Qd4+ 19. Kh1 Qxe5 20. Rad1 f5
21. Qc4+ Kh8 22. Bxe4 Bxe4 23. Qxa4 Rf8 24. Qd4 Qe7 25. Kg1 h6 26. Rf2 Kh7 27.
b4 Rf6 28. Re1 Re6 29. Re3 b6 30. a4 bxc5 31. bxc5 Re5 32. c6 Re6 33. Qd7 Qf6
34. a5 Rxc6 35. Qd2 Rc2 36. Qe1 Rxf2 37. Qxf2 Qa1+ 38. Qe1 Qd4 39. Qc3 Qd1+ 40.
Re1 Qd6 41. Ra1 Bb7 42. Qb2 c5 43. Qf2 f4 44. Rc1 c4 45. Qc2+ Kh8 46. Qxc4 Qd2
47. Qf1 Qe3+ 48. Kh1 f3 49. Rc2 fxg2+ 50. Rxg2 Bxg2+ 51. Kxg2 Qg5+ 52. Kf2 Qxa5
53. Qd3 Qc5+ 54. Kg2 Qg5+ 55. Kf2 Qf4+ 56. Kg2 Qg4+ 57. Kf2 Qf4+ 58. Kg2 Qf6
59. Qe4 g6 60. Qe8+ Kh7 61. Qd7+ Qg7 62. Qe6 h5 63. h4 Qb7+ 64. Kg3 Qc7+ 65.
Kg2 Kg7 66. Kh3 Qc3+ 67. Kg2 Qc2+ 68. Kg3 Qc7+ 69. Kg2 Qf4 70. Qe7+ Qf7 71.
Qxf7+ 1/2-1/2

[Event "6. Hradec Kralove Open 2015"]
[Site "Hradec Kralove CZE"]
[Date "2015.10.08"]
[Round "6.2"]
[White "Gromczak, Dariusz"]
[Black "Navratil-Sen., Jiri"]
[Result "0-1"]
[WhiteElo "2009"]
[BlackElo "2054"]
[PlyCount "120"]
[EventDate "2015.10.04"]
[EventType "swiss"]
[EventRounds "9"]
[EventCountry "CZE"]
[Source "lmi"]
[SourceDate "2015.10.04"]

1. e4 c5 2. Nc3 a6 3. g3 Nc6 4. Bg2 Nf6 5. f4 d6 6. Nge2 h5 7. h3 e5 8. d3 Nd4
9. Nxd4 cxd4 10. Ne2 Bd7 11. c3 dxc3 12. Nxc3 Be7 13. Be3 Rc8 14. Qd2 Be6 15.
d4 exf4 16. gxf4 h4 17. d5 Bd7 18. Bf3 Nh5 19. e5 Ng3 20. Rh2 Bf5 21. Bd4 O-O
22. Ne2 Rc2 23. Qe3 Qd7 24. Rf2 Bxh3 25. Nxg3 Rxf2 26. Qxf2 hxg3 27. Qxg3 dxe5
28. fxe5 f6 29. d6 Bd8 30. Bd5+ Be6 31. Qb3 Bxd5 32. Qxd5+ Qf7 33. e6 Re8 34.
O-O-O Rxe6 35. Ba7 Re5 36. Qf3 Qxa2 37. Bd4 Qc4+ 38. Kb1 Re6 39. Bc3 Qe4+ 40.
Qxe4 Rxe4 41. Kc2 g5 42. Kd3 f5 43. Rf1 Re6 44. Bb4 a5 45. Ba3 b5 46. Bc5 f4
47. Kd4 Kf7 48. Kd5 Re2 49. b4 a4 50. Rh1 Bf6 51. Rh7+ Kg6 52. Ra7 f3 53. Kc6
Rc2 54. Kxb5 Rxc5+ 55. bxc5 f2 56. Rxa4 f1=Q+ 57. Rc4 Kf5 58. c6 Ke6 59. c7
Qxc4+ 60. Kxc4 Kd7 0-1

[Event "6. Hradec Kralove Open 2015"]
[Site "Hradec Kralove CZE"]
[Date "2015.10.08"]
[Round "6.3"]
[White "Flasar, Jaroslav"]
[Black "Kozusek, Daniel"]
[Result "0-1"]
[WhiteElo "2075"]
[BlackElo "2279"]
[PlyCount "84"]
[EventDate "2015.10.04"]
[EventType "swiss"]
[EventRounds "9"]
[EventCountry "CZE"]
[Source "lmi"]
[SourceDate "2015.10.04"]

1. e4 c5 2. Nf3 d6 3. d4 cxd4 4. Nxd4 Nf6 5. Nc3 a6 6. Bd3 e5 7. Nb3 Be7 8. O-O
O-O 9. f4 b5 10. Kh1 Bb7 11. a3 Nbd7 12. Be3 exf4 13. Bxf4 Re8 14. Re1 Bf8 15.
Bg5 Qb6 16. Be3 Qc7 17. Bd4 Ne5 18. Rc1 g6 19. Nd2 Bg7 20. a4 b4 21. Na2 Qa5
22. Bxe5 Qxe5 23. Nxb4 Qxb2 24. c3 Ng4 25. Re2 a5 26. Rc2 Qa3 27. Nc4 Qb3 28.
Nxd6 Re7 29. Bc4 Qxa4 30. Bb5 Qa3 31. Ra2 Qxc3 32. Nxb7 Qxb4 33. Bc6 Rxb7 34.
Bxb7 Qxb7 35. h3 Ne5 36. Rab2 Qe7 37. Ra2 h5 38. Qa4 Qa7 39. Reb2 Rc8 40. Kh2
Qc7 41. g3 Nf3+ 42. Kg2 Bxb2 0-1

[Event "6. Hradec Kralove Open 2015"]
[Site "Hradec Kralove CZE"]
[Date "2015.10.08"]
[Round "6.4"]
[White "Holownia, Michal"]
[Black "Kuba, Stanislav"]
[Result "1-0"]
[WhiteElo "1911"]
[BlackElo "2148"]
[PlyCount "57"]
[EventDate "2015.10.04"]
[EventType "swiss"]
[EventRounds "9"]
[EventCountry "CZE"]
[Source "lmi"]
[SourceDate "2015.10.04"]

1. e4 g6 2. d4 Bg7 3. f4 d6 4. Nf3 Nf6 5. Bd3 Bg4 6. O-O Nc6 7. c3 O-O 8. h3
Bxf3 9. Qxf3 e6 10. Be3 d5 11. e5 Nd7 12. Bf2 f5 13. exf6 Qxf6 14. Qe2 Rae8 15.
g3 h5 16. Nd2 Ne7 17. Rae1 Nf5 18. Bb1 c6 19. Nf3 b5 20. g4 hxg4 21. hxg4 Ne7
22. Bh4 Qf7 23. Qxe6 Qxe6 24. Rxe6 Bf6 25. Bxf6 Rxf6 26. Rxf6 Nxf6 27. Re1 Kf8
28. Ne5 Kg7 29. g5 1-0

[Event "6. Hradec Kralove Open 2015"]
[Site "Hradec Kralove CZE"]
[Date "2015.10.08"]
[Round "6.5"]
[White "Korpalski, Maciej"]
[Black "Kapusta, Petr"]
[Result "1-0"]
[WhiteElo "1983"]
[BlackElo "2098"]
[PlyCount "55"]
[EventDate "2015.10.04"]
[EventType "swiss"]
[EventRounds "9"]
[EventCountry "CZE"]
[Source "lmi"]
[SourceDate "2015.10.04"]

1. e4 c5 2. Nf3 d6 3. d4 cxd4 4. Nxd4 Nf6 5. Nc3 a6 6. f3 e5 7. Nb3 Be6 8. Be3
Be7 9. Qe2 Nbd7 10. O-O-O O-O 11. g4 b5 12. g5 Nh5 13. Rg1 b4 14. Nd5 Bxd5 15.
Rxd5 a5 16. Qb5 Qc7 17. Bh3 a4 18. Na5 Rfc8 19. Rg2 b3 20. a3 Rxa5 21. Qxa5 Qc4
22. Rf2 bxc2 23. Bxd7 Rb8 24. Bxa4 Qa2 25. Rxc2 Qa1+ 26. Kd2 Qf1 27. Qa7 Qg2+
28. Ke1 1-0

[Event "6. Hradec Kralove Open 2015"]
[Site "Hradec Kralove CZE"]
[Date "2015.10.08"]
[Round "6.6"]
[White "Cerny, David"]
[Black "Saikrishnan, Sai"]
[Result "1/2-1/2"]
[WhiteElo "1949"]
[BlackElo "2005"]
[PlyCount "52"]
[EventDate "2015.10.04"]
[EventType "swiss"]
[EventRounds "9"]
[EventCountry "CZE"]
[Source "lmi"]
[SourceDate "2015.10.04"]

1. e4 c5 2. Nf3 Nc6 3. d4 cxd4 4. Nxd4 Qb6 5. Nxc6 bxc6 6. Nc3 e5 7. Bc4 Nf6 8.
O-O Be7 9. Qf3 d6 10. Kh1 O-O 11. Qg3 Qc7 12. f4 exf4 13. Qxf4 Be6 14. Bd3 Ng4
15. Qg3 Ne5 16. Bh6 Ng6 17. Be3 Qd7 18. Bf4 f5 19. exf5 Bxf5 20. Ne2 Bxd3 21.
Qxd3 Nxf4 22. Nxf4 Bf6 23. c3 Be5 24. Nh3 g6 25. Rxf8+ Rxf8 26. Rf1 Rxf1+
1/2-1/2

[Event "6. Hradec Kralove Open 2015"]
[Site "Hradec Kralove CZE"]
[Date "2015.10.08"]
[Round "6.7"]
[White "Nosek, Jan"]
[Black "Mikalsen, Erlend"]
[Result "0-1"]
[WhiteElo "1792"]
[BlackElo "2358"]
[PlyCount "84"]
[EventDate "2015.10.04"]
[EventType "swiss"]
[EventRounds "9"]
[EventCountry "CZE"]
[Source "lmi"]
[SourceDate "2015.10.04"]

1. e4 c5 2. Nf3 e6 3. d4 cxd4 4. Nxd4 Nc6 5. Nc3 Qc7 6. Be2 Nf6 7. O-O a6 8. a3
Be7 9. Be3 O-O 10. Kh1 d6 11. f4 Bd7 12. Bf3 Na5 13. Qe2 Nc4 14. Bc1 Rfe8 15.
e5 dxe5 16. fxe5 Nxe5 17. Bf4 Bd6 18. Bxb7 Qxb7 19. Bxe5 Bxe5 20. Qxe5 Qxb2 21.
Qg3 Qb8 22. Qh4 e5 23. Rab1 Qd6 24. Nf5 Bxf5 25. Rxf5 Qxa3 26. Qg3 Rac8 27. Ne4
Qxg3 28. Nxf6+ gxf6 29. hxg3 Re6 30. Rb2 Kg7 31. Kg1 Rec6 32. Rf2 Rc3 33. Ra2
R8c6 34. Kh2 Kg6 35. Kh3 f5 36. Kh2 Kg5 37. Re2 e4 38. Rf2 Rh6+ 39. Kg1 Rxg3
40. Ra5 Rf6 41. c4 Rc3 42. Rc5 Rc1+ 0-1

[Event "6. Hradec Kralove Open 2015"]
[Site "Hradec Kralove CZE"]
[Date "2015.10.08"]
[Round "6.8"]
[White "Skorna, Ullrich"]
[Black "Sucharda, David"]
[Result "0-1"]
[WhiteElo "2123"]
[BlackElo "1943"]
[PlyCount "100"]
[EventDate "2015.10.04"]
[EventType "swiss"]
[EventRounds "9"]
[EventCountry "CZE"]
[Source "lmi"]
[SourceDate "2015.10.04"]

1. e4 d6 2. d4 Nf6 3. Nc3 e5 4. Nf3 Nbd7 5. Bc4 Be7 6. O-O O-O 7. Re1 c6 8. a4
Qc7 9. h3 h6 10. Ba2 Re8 11. Be3 Nf8 12. Qd3 Be6 13. b3 Ng6 14. Rac1 Rad8 15.
Bd2 Rf8 16. b4 Bxa2 17. Nxa2 exd4 18. Qxd4 d5 19. e5 Ne4 20. Nc3 c5 21. Nxd5
cxd4 22. Nxc7 Nxd2 23. Nxd2 Bxb4 24. Re2 Nxe5 25. Rxe5 Bxd2 26. Rb1 Bf4 27. Rc5
b6 28. Rc6 Rc8 29. Nd5 Rxc6 30. Ne7+ Kh7 31. Nxc6 Rc8 32. Nxd4 Rc4 33. c3 Rxa4
34. Kf1 Ra2 35. Ne2 Bd6 36. Ke1 Bc5 37. Rd1 Kg6 38. Nf4+ Kf6 39. Nd3 Be7 40.
Rd2 Rxd2 41. Kxd2 Bc5 42. Kc2 Ke6 43. Kb3 Kd5 44. f3 Bd6 45. Kc2 a5 46. Nb2 b5
47. Kd3 Kc5 48. c4 Be5 49. Nd1 bxc4+ 50. Kc2 Bd4 0-1

[Event "6. Hradec Kralove Open 2015"]
[Site "Hradec Kralove CZE"]
[Date "2015.10.08"]
[Round "6.9"]
[White "Vorel, Bohuslav"]
[Black "Paldus, Petr"]
[Result "0-1"]
[WhiteElo "1686"]
[BlackElo "2033"]
[PlyCount "62"]
[EventDate "2015.10.04"]
[EventType "swiss"]
[EventRounds "9"]
[EventCountry "CZE"]
[Source "lmi"]
[SourceDate "2015.10.04"]

1. e4 Nf6 2. f3 e5 3. Bc4 c6 4. d4 exd4 5. Qxd4 d5 6. exd5 cxd5 7. Bb5+ Nc6 8.
Bxc6+ bxc6 9. Ne2 Be7 10. O-O Qb6 11. Qxb6 axb6 12. Be3 c5 13. c3 O-O 14. Nd2
Re8 15. Rfe1 Bd6 16. Ng3 Bd7 17. a3 h5 18. Bf2 Bf4 19. Ngf1 Bb5 20. Bg3 Bh6 21.
Be5 Re6 22. Bg3 Rae8 23. Nb3 Re2 24. Rxe2 Rxe2 25. a4 Rxb2 26. Nxc5 Bxf1 27.
Kxf1 bxc5 28. a5 Nd7 29. a6 Nb6 30. a7 Rc2 31. Rb1 Rc1+ 0-1

[Event "6. Hradec Kralove Open 2015"]
[Site "Hradec Kralove CZE"]
[Date "2015.10.08"]
[Round "6.10"]
[White "Tsapanidis, Vasilis"]
[Black "Pulpan, Matej"]
[Result "1-0"]
[WhiteElo "1821"]
[BlackElo "1936"]
[PlyCount "49"]
[EventDate "2015.10.04"]
[EventType "swiss"]
[EventRounds "9"]
[EventCountry "CZE"]
[Source "lmi"]
[SourceDate "2015.10.04"]

1. c4 Nf6 2. Nc3 d5 3. d4 g6 4. Nf3 Bg7 5. h3 O-O 6. Bf4 c6 7. cxd5 Nxd5 8.
Nxd5 cxd5 9. e3 Nc6 10. Qd2 f6 11. Be2 e5 12. dxe5 fxe5 13. Bg5 Qd6 14. Rd1 Be6
15. Bh4 d4 16. b3 Bd5 17. O-O Rae8 18. Bg3 Qf6 19. exd4 exd4 20. Rfe1 Qf5 21.
Bd3 Be4 22. Nh4 Qh5 23. Rxe4 Bh6 24. Qe2 Qxe2 25. Rxe2 1-0

[Event "6. Hradec Kralove Open 2015"]
[Site "Hradec Kralove CZE"]
[Date "2015.10.09"]
[Round "7.1"]
[White "Pulpan, Jakub"]
[Black "Urkedal, Frode"]
[Result "1/2-1/2"]
[WhiteElo "2306"]
[BlackElo "2504"]
[PlyCount "54"]
[EventDate "2015.10.04"]
[EventType "swiss"]
[EventRounds "9"]
[EventCountry "CZE"]
[Source "lmi"]
[SourceDate "2015.10.04"]

1. d4 Nf6 2. Nf3 e6 3. c4 b6 4. g3 Ba6 5. Qc2 Bb7 6. Bg2 c5 7. d5 exd5 8. cxd5
Nxd5 9. O-O Be7 10. Rd1 Nc6 11. Qa4 Nf6 12. Nh4 O-O 13. Nf5 d5 14. Nc3 Nd4 15.
Nxd4 cxd4 16. Qxd4 Bc5 17. Qh4 Ne4 18. Qxd8 Rfxd8 19. e3 Nxc3 20. bxc3 Rac8 21.
c4 Be7 22. cxd5 Rc2 23. Rb1 Rxa2 24. Bb2 f5 25. Ra1 Rxb2 26. Rxa7 Rd7 27. d6
Rxd6 1/2-1/2

[Event "6. Hradec Kralove Open 2015"]
[Site "Hradec Kralove CZE"]
[Date "2015.10.09"]
[Round "7.2"]
[White "Kraus, Tomas"]
[Black "Navratil-Sen., Jiri"]
[Result "1-0"]
[WhiteElo "2398"]
[BlackElo "2054"]
[PlyCount "84"]
[EventDate "2015.10.04"]
[EventType "swiss"]
[EventRounds "9"]
[EventCountry "CZE"]
[Source "lmi"]
[SourceDate "2015.10.04"]

1. e4 c5 2. Nf3 d6 3. d4 cxd4 4. Nxd4 Nf6 5. f3 a6 6. c4 g6 7. Nc3 h5 8. Be2
Bg7 9. Be3 O-O 10. O-O Bd7 11. Qd2 Nc6 12. Nc2 Rc8 13. Rac1 Kh7 14. Kh1 Ne5 15.
b3 Qa5 16. h3 Nc6 17. Na4 Qxd2 18. Bxd2 Be6 19. Nb6 Rcd8 20. Be3 Bh6 21. Rcd1
Bxe3 22. Nxe3 Kg7 23. h4 Nd7 24. Nxd7 Bxd7 25. Rd2 Be6 26. f4 Bc8 27. Rfd1 f5
28. exf5 Bxf5 29. Bf3 Rb8 30. g3 Na7 31. Re1 Nc8 32. Nxf5+ Rxf5 33. Bd5 Rf6 34.
a4 Kf8 35. Rde2 b6 36. Kg2 a5 37. Kh3 Ke8 38. Re6 Kd7 39. Rxf6 exf6 40. Re6 Ne7
41. Rxf6 Rh8 42. Kg2 Rc8 1-0